|
|
|
|
| LEADER |
01158cam a2200289 a 4500 |
| 001 |
15122672 |
| 005 |
20150917020002.0 |
| 008 |
071227s2009 nju b 001 0 eng |
| 010 |
|
|
|a 2007052418
|
| 020 |
|
|
|a 9780136041535 (pbk. : alk. paper)
|a 9780137135981
|
| 040 |
|
|
|a DLC
|c DLC
|d DLC
|d BD-DhAAL
|
| 050 |
0 |
0 |
|a HF5549
|b .D43788 2009
|
| 082 |
0 |
0 |
|a 658.3
|2 22
|
| 999 |
|
|
|c 10810
|d 10810
|
| 999 |
|
|
|c 10810
|
| 999 |
|
|
|c 10810
|
| 100 |
1 |
|
|a Dessler, Gary,
|d 1942-
|9 1189
|
| 245 |
1 |
2 |
|a A framework for human resource management /
|c Gary Dessler.
|
| 250 |
|
|
|a 5th ed.
|
| 260 |
|
|
|a Upper Saddle River, N.J. :
|b Pearson/Prentice Hall,
|c c2009.
|
| 300 |
|
|
|a xiv, 432 p. ;
|c 23 cm.
|
| 504 |
|
|
|a Includes bibliographical references and indexes.
|
| 541 |
|
|
|e 00017127
|
| 650 |
|
0 |
|a Personnel management.
|9 1190
|
| 942 |
|
|
|2 ddc
|c BK
|0 1
|
| 952 |
|
|
|0 0
|1 0
|2 ddc
|4 0
|6 658_300000000000000_DES
|7 0
|9 16520
|a BRACUL
|b BRACUL
|c GEN
|d 2011-05-19
|l 12
|m 59
|o 658.3 DES
|p 3010017127
|r 2025-07-31
|s 2025-07-29
|t 1
|w 2011-05-19
|y BK
|
| 952 |
|
|
|0 0
|1 0
|2 ddc
|4 0
|6 658_300000000000000_DES
|7 0
|9 16521
|a BRACUL
|b BRACUL
|c GEN
|d 2011-05-19
|l 14
|m 85
|o 658.3 DES
|p 3010017129
|r 2025-06-21
|s 2024-10-24
|t 2
|w 2011-05-19
|y BK
|